[Event "Stay Safe Play From Home 210"]
[Site "T#646654Emanuel Laske"]
[Date "2020.06.08"]
[Round "6"]
[White "Sadbat1122"]
[Black "Klasman"]
[Result "1-0"]
[WhiteElo "1565"]
[BlackElo "1620"]
[Annotator "NA"]
[PlyCount "65"]
[EventDate "2020.06.08"]
[EventType "swiss (blitz)"]

1. e4 {[%emt 0:00:04]} f5 {[%emt 0:00:01]} 2. e5 {[%emt 0:00:10]} d6 {[%emt 0:00:02]} 3. Nf3 {[%emt 0:00:05]} dxe5 {[%emt 0:00:04]} 4. Nxe5 {[%emt 0:00:02]} Nf6 {[%emt 0:00:05]} 5. Nc3 {[%emt 0:00:04]} e6 {[%emt 0:00:07]} 6. d4 {[%emt 0:00:04]} c5 {[%emt 0:00:01]} 7. Bb5+ {[%emt 0:00:06]} Bd7 {[%emt 0:00:06]} 8. Bxd7+ {[%emt 0:00:02]} Nbxd7 {[%emt 0:00:01]} 9. Nxd7 {[%emt 0:00:06]} Qxd7 {[%emt 0:00:05]} 10. dxc5 {[%emt 0:00:02]} Qxd1+ {[%emt 0:00:02]} 11. Nxd1 {[%emt 0:00:02]} O-O-O {[%emt 0:00:01]} 12. Be3 {[%emt 0:00:04]} e5 {[%emt 0:00:06]} 13. b4 {[%emt 0:00:10]} Nd5 {[%emt 0:00:11]} 14. a3 {[%emt 0:00:09]} f4 {[%emt 0:00:10]} 15. Bd2 {[%emt 0:00:08]} a5 {[%emt 0:00:10]} 16. c4 {[%emt 0:00:02]} Nc7 {[%emt 0:00:13]} 17. Bc3 {[%emt 0:00:02]} e4 {[%emt 0:00:07]} 18. O-O {[%emt 0:00:04]} Rd3 {[%emt 0:00:02]} 19. Be5 {[%emt 0:00:05]} f3 {[%emt 0:00:09]} 20. Ne3 {[%emt 0:00:04]} fxg2 {[%emt 0:00:04]} 21. Kxg2 {[%emt 0:00:02]} h5 {[%emt 0:00:05]} 22. Rfd1 {[%emt 0:00:05]} h4 {[%emt 0:00:02]} 23. Rxd3 {[%emt 0:00:04]} h3+ {[%emt 0:00:03]} 24. Kg3 {[%emt 0:00:04]} exd3 {[%emt 0:00:02]} 25. Rd1 {[%emt 0:00:03]} Be7 {[%emt 0:00:09]} 26. Bxc7 {[%emt 0:00:06]} Bh4+ {[%emt 0:00:06]} 27. Kg4 {[%emt 0:00:06]} Kxc7 {[%emt 0:00:09]} 28. Nd5+ {[%emt 0:00:03]} Kc6 {[%emt 0:00:04]} 29. f4 {[%emt 0:00:11]} Bd8 {[%emt 0:00:20]} 30. Rxd3 {[%emt 0:00:02]} Rh4+ {[%emt 0:00:03]} 31. Kf5 {[%emt 0:00:07]} g5 {[%emt 0:00:04]} 32. fxg5 {[%emt 0:00:04]} Rxc4 {[%emt 0:00:06]} 33. g6 {[%emt 0:00:04] Time ' (Lag: Av=0.82s, max=1.1s)} 1-0

[Event "Stay Safe Play From Home 210"]
[Site "T#646654Emanuel Laske"]
[Date "2020.06.08"]
[Round "7"]
[White "SoulofWolf"]
[Black "Weltszmerc"]
[Result "0-1"]
[WhiteElo "2091"]
[BlackElo "2172"]
[Annotator "TA"]
[PlyCount "46"]
[EventDate "2020.06.08"]
[EventType "swiss (blitz)"]

{[%evp 9,46,-14,0,-4,-12,0,-3,-12,-5,-21,-5,-5,-5,-9,-3,-2,39,39,39,39,44,41,63,-22,0,-267,-264,-289,-112,-165,-165,-1329,-1345,-1741,-1720,-1687,-1652,-1616,-1554]} 1. c4 b6 2. Nc3 Bb7 3. f3 {[#]} f5 $146 ({Predecessor:} 3... c5 4. b3 g6 5. Bb2 Bg7 6. Na4 Nf6 7. e4 O-O 8. d4 cxd4 9. Bxd4 Nc6 10. Bc3 e6 11. Qd6 Ne8 12. Bxg7 Nxg7 13. Rc1 f5 14. Nc3 {0-1 (14) Rojas,M (1635)-Recalde,A (1907) Encarnacion 2015}) 4. d3 Nf6 5. e4 fxe4 6. fxe4 {A10: English Opening: Unusual Replies for Black.} e5 7. Nf3 Nc6 8. Be2 {The position is equal.} Bc5 9. Na4 O-O 10. Nxc5 bxc5 11. O-O d6 12. Bg5 Nd4 13. Nxd4 cxd4 14. b4 Bc8 15. h3 Qe8 16. a4 ({White should try} 16. Bxf6 $14 gxf6 17. Bh5) 16... Qg6 17. Bd2 $2 {[%mdl 8192]} (17. h4 $11) 17... Bxh3 $1 $19 {[%csl Gh3][%cal Rg6g2]} 18. Bf3 {[#]} Bg4 $2 (18... Nh5 $1 $19 {[%mdl 512] and Black stays clearly on top. And now ...Rf6 would win.} 19. Kh2 (19. Bxh5 Qxg2#) 19... Qg3+ 20. Kg1 Nf4) 19. Be2 (19. a5 $17 {was called for.}) 19... Qh5 $40 {[%mdl 128] Black wants a kill.} 20. Rf2 $2 (20. Qe1 Bxe2 21. Rf5 Qxf5 22. exf5 Bxd3 {[%mdl 64] Double Attack} 23. c5) 20... Bxe2 {Black is clearly winning.} 21. Qxe2 Ng4 {( -> ...Qh2+)} 22. Rxf8+ Rxf8 {[%csl Gg4][%cal Rh5h2]} 23. g3 {[#]} Rf2 $1 {Accuracy: White = 62%, Black = 75%.} 0-1

[Event "Stay Safe Play From Home 210"]
[Site "T#646654Emanuel Laske"]
[Date "2020.06.08"]
[Round "7"]
[White "Lazieri3"]
[Black "Dukic"]
[Result "0-1"]
[WhiteElo "2072"]
[BlackElo "1862"]
[Annotator "TA"]
[PlyCount "126"]
[EventDate "2020.06.08"]
[EventType "swiss (blitz)"]

{[%evp 9,126,8,22,14,35,33,30,16,11,11,24,14,8,-24,-13,-39,-49,-168,-70,-181,-131,-117,-120,-215,-143,-142,-110,-102,-78,-102,-98,-124,125,0,0,0,0,0,214,-86,-80,-87,-93,-82,-54,-43,16,-70,-85,-80,-79,-93,-82,-205,-212,-949,-931,-945,-879,-925,-919,-968,-968,-1009,-992,-1156,-1135,-1248,-1241,-1386,-1105,-1097,-981,-2366,-1918,-1863,-1016,-29989,-29990,-29990,-29991,-29991,-29992,-29992,-29992,-29992,-29993,-29993,-29993,-29993,-29991,-29992,-29992,-29992,-29992,-29993,-29994,-29994,-29995,-29993,-29994,-29996,-29995,-29995,-29995,-29996,-29996,-29996,-29996,-29996,-29997,-29997,-29997,-29997,-29997,-29997,-29998,-29998,-29999]} 1. e4 c6 2. d4 d6 3. Nc3 Nd7 4. Nf3 e5 5. Bg5 {[#]} Qb6 $146 ({Predecessor:} 5... Be7 6. Qd2 Ngf6 7. Bxf6 Bxf6 8. Be2 O-O 9. O-O-O a5 10. g4 h6 11. h4 g5 12. hxg5 Bxg5 13. Nxg5 Qxg5 14. Rxh6 Qxd2+ 15. Rxd2 {1-0 (32) Henrique,A (2184)-Santos,T (1514) Rio Claro 2015}) 6. Rb1 {C41: Philidor Defence.} h6 (6... Ngf6 {is more complex.} 7. Be2 Be7 8. O-O Qc7 9. a4 O-O) 7. Be3 Qc7 8. Bd3 {White has an edge.} Ngf6 9. O-O Be7 10. h3 O-O 11. Nh2 Re8 12. f4 b5 13. f5 (13. b3 $15) 13... Qb6 (13... b4 $19 14. Ne2 d5 15. exd5 Nxd5) 14. Ne2 ({White should try} 14. Nf3 $15) 14... exd4 15. Bxd4 c5 16. Be3 (16. Bf2 $17) 16... Qc6 17. Ng3 c4 18. Be2 Nxe4 19. Nxe4 Qxe4 20. Qd2 {[#]} Bf6 $2 {[#]} (20... Ne5 $1 $17 {and life is bright.} 21. Rf4 Qc6) 21. Bf3 (21. Ng4 $1 $16 {And now Bf3 would win.} Ne5 22. Nxf6+ gxf6 23. Rf4) 21... Qxe3+ $11 22. Qxe3 Rxe3 23. Bxa8 Nc5 $2 (23... Bd4 $11 {and Black stays safe.}) 24. Rfe1 $2 (24. Ng4 $18 Re2 25. Nxf6+ gxf6 26. Rbd1) 24... Rxe1+ $17 25. Rxe1 {Re8+ is the strong threat.} Bxf5 26. c3 Nd3 27. Re2 Nc1 (27... Be6 $15) 28. Rf2 (28. Re8+ $11 Kh7 29. Ng4) 28... Be6 $15 29. a3 d5 30. Ng4 Be7 31. Ne3 {Loses the game.} (31. Kf1 $17 {might work better.}) 31... Bc5 $19 32. Re2 $2 (32. Rf3) 32... Nxe2+ 33. Kf2 Nc1 34. Kf3 Nd3 35. Nxd5 Nxb2 36. Nc7 Bd7 37. Ke4 Bxa3 38. Kd4 a5 {[%cal Ba7a5,Ba5b4,Bb4b3][%mdl 32]} 39. Nd5 b4 40. cxb4 axb4 41. Nb6 Be6 42. Be4 c3 43. Ke3 b3 {Black mates.} 44. Nd5 Bxd5 {[%mdl 64] Overworked Piece} 45. Bxd5 c2 46. Kd2 {[#]} Nc4+ $1 {[%mdl 64] Decoy, Promotion} 47. Bxc4 c1=Q+ {[%mdl 4160] Endgame Double Attack} 48. Kd3 Qc2+ 49. Kd4 Bb2+ 50. Kd5 Qd2+ 51. Kc6 {[#]} Qc3 $1 52. Kb5 Ba3 53. Bxb3 Qxb3+ 54. Kc6 Qc4+ 55. Kd7 Qd5+ 56. Kc7 Qe6 57. g4 Bc5 58. g5 Qd6+ 59. Kb7 Qb6+ 60. Kc8 Qa7 61. gxh6 Bd6 {[%csl Gd6][%cal Ra7c7]} 62. h7+ Kxh7 {[%csl Gd6][%cal Ra7c7]} 63. Kd8 Qc7+ {Accuracy: White = 34%, Black = 64%.} 0-1

[Event "Stay Safe Play From Home 210"]
[Site "T#646654Emanuel Laske"]
[Date "2020.06.08"]
[Round "7"]
[White "little champs"]
[Black "Mepe_Nika"]
[Result "1-0"]
[WhiteElo "2051"]
[BlackElo "2318"]
[Annotator "TA"]
[PlyCount "95"]
[EventDate "2020.06.08"]
[EventType "swiss (blitz)"]

{[%evp 14,95,17,9,0,-8,0,0,5,-21,-2,-4,-14,-22,-14,-15,-15,-33,-29,-35,-35,-63,-71,-59,-49,-52,-55,-101,-101,-111,-116,-117,-36,-37,0,-2,39,33,67,69,270,209,230,201,366,119,253,260,260,100,286,279,281,271,357,0,352,334,350,242,549,314,532,514,1350,1346,1280,4,867,-29996,-29997,-29999,-29993,-29993,-29994,-29994,29995,29996,29996,29997,29997,29998,29998,29999]} 1. d4 g6 2. e3 Bg7 3. Nf3 d6 4. Be2 Nf6 5. O-O O-O 6. c4 Nbd7 7. b4 e5 8. Bb2 exd4 {E60: King's Indian: Unusual lines and Fianchetto Variation without Nc3.} 9. exd4 c6 10. Nc3 d5 {[#] The position is equal.} 11. cxd5 $146 ({Predecessor:} 11. c5 b6 12. Qc2 Re8 13. Rfe1 Nf8 14. Ne5 Bb7 15. b5 cxb5 16. Bxb5 Re6 17. c6 {½-½ (57) Karlinger De la Quintana,A (1344)-Schulz,H (1218) Willingen 2017}) 11... Nxd5 12. Nxd5 cxd5 13. Qb3 Nb6 14. a4 {[%cal Ba2a4,Ba4a5][%mdl 32]} Re8 15. Bd3 Be6 16. a5 Nc4 17. Bc3 Rc8 18. Rfc1 Bh6 19. Re1 Bg4 {...Bxf3 is the strong threat.} 20. Ne5 Nxe5 21. dxe5 d4 22. Bb2 Be6 ({Black should try} 22... Bd2 $1 $17 {[%cal Rd2e1]} 23. Re4 Be6) 23. Qd1 $15 Qd5 24. Be4 $36 {[%mdl 2048] White is more active.} Qb5 25. Qxd4 Red8 26. Qxa7 Qxb4 $2 (26... Bd2 $14 27. Reb1 (27. Qxb7 Qc4 $11) 27... Rd7) 27. Qxb7 Qd2 {Threatens to win with ...Rb8.} 28. Ba3 Rb8 $2 (28... Qxa5 {might work better.} 29. Be7 {[%mdl 64] Discovered Attack} Qc3) 29. Qa6 $2 (29. Qa7 $18 {is more deadly.}) 29... Bf4 (29... Qd4 $16 {was necessary.}) 30. Bd6 $18 Rb2 31. Rf1 $2 (31. Qa7 $1 $18) 31... Bd5 $2 (31... Bxh2+ $16 32. Kxh2 Qf4+ {[%mdl 64] Double Attack} 33. Kg1 Qxe4) 32. Bxd5 ({And not} 32. Rad1 Bxh2+ 33. Kxh2 (33. Kh1 {leads to mate.} Qh6 34. Qc8 Rxc8 35. Bf8 Rxf8 36. Bf3 Bxe5+ 37. Bh5 Qxh5+ 38. Kg1 Qh2#) 33... Qf4+ 34. Kg1 Qxe4 $17) 32... Qxd5 33. Rad1 Qe6 34. Qd3 $2 (34. Qc6 $18) 34... Ra2 $2 {[%mdl 8192]} (34... Bxe5 $11 35. Bxe5 Rxd3 36. Bxb2 Rxd1 37. Rxd1 f6) 35. Qb5 Ra8 36. Bc7 h5 $2 (36... Bd2 37. Qb7 Rc8) 37. g3 {Hoping for Rd6.} Bh6 $2 (37... Bd2 38. Qb7 Ra6) 38. Rd6 Qh3 (38... Qe8 $142 39. Qd5 Rc2 40. Rxg6+ Bg7) 39. Qd5 {[%mdl 64] Double Attack} Rf8 40. Rd7 $2 (40. Qxa2 $18 Bg7 41. a6) 40... Be3 $2 {[%mdl 8192]} (40... Rd2 $11 41. Qxd2 Bxd2 42. Rxd2 Qc8) 41. Bd6 $4 {[%mdl 8192] [#]} (41. Rxf7 $18 Rxf7 42. Qxa2) 41... Bxf2+ $1 {[%mdl 512]} 42. Kh1 (42. Rxf2 Ra1+) 42... Bxg3 {[%cal Rh3f1]} 43. Qxf7+ Rxf7 {[%cal Rf7f1]} 44. Rd8+ {[#]} Kh7 $4 {[%mdl 8192]} (44... Kg7 $1 {avoids the disaster.} 45. Rxf7+ Kxf7 46. Rf8+ {[#]} Kg7 $1 {[%mdl 512]} 47. Rf7+ {[%mdl 64] Decoy} Kxf7 48. e6+ Kxe6 49. Bxg3 Qg2#) 45. Rxf7+ {White mates.} Kh6 46. Bf8+ Kg5 47. Be7+ Kg4 48. Rd4+ {A wild game. Accuracy: White = 54%, Black = 35%.} 1-0

[Event "Stay Safe Play From Home 210"]
[Site "T#646654Emanuel Laske"]
[Date "2020.06.08"]
[Round "7"]
[White "Klausen"]
[Black "Sadbat1122"]
[Result "1-0"]
[WhiteElo "1943"]
[BlackElo "1584"]
[Annotator "NA"]
[PlyCount "81"]
[EventDate "2020.06.08"]
[EventType "swiss (blitz)"]

1. d4 {[%emt 0:00:01]} e6 {[%emt 0:00:02]} 2. Nf3 {[%emt 0:00:01]} d5 {[%emt 0:00:02]} 3. c4 {[%emt 0:00:01]} dxc4 {[%emt 0:00:02]} 4. e3 {[%emt 0:00:01]} b5 {[%emt 0:00:02]} 5. a4 {[%emt 0:00:01]} c6 {[%emt 0:00:02]} 6. axb5 {[%emt 0:00:01]} cxb5 {[%emt 0:00:01]} 7. b3 {[%emt 0:00:01]} Bb4+ {[%emt 0:00:06]} 8. Bd2 {[%emt 0:00:04]} Bxd2+ {[%emt 0:00:05]} 9. Nfxd2 {[%emt 0:00:04]} cxb3 {[%emt 0:00:11]} 10. Bxb5+ {[%emt 0:00:02]} Bd7 {[%emt 0:00:02]} 11. Qxb3 {[%emt 0:00:02]} Qb6 {[%emt 0:00:09]} 12. Nc3 {[%emt 0:00:08]} a6 {[%emt 0:00:06]} 13. Bd3 {[%emt 0:00:15]} Qxb3 {[%emt 0:00:04]} 14. Nxb3 {[%emt 0:00:02]} Ne7 {[%emt 0:00:03]} 15. Nc5 {[%emt 0:00:03]} a5 {[%emt 0:00:09]} 16. O-O {[%emt 0:00:03]} O-O {[%emt 0:00:02]} 17. Ra3 {[%emt 0:00:11]} Nd5 {[%emt 0:00:06]} 18. Nxd5 {[%emt 0:00:02]} exd5 {[%emt 0:00:01]} 19. Rfa1 {[%emt 0:00:01]} a4 {[%emt 0:00:08]} 20. Nxd7 {[%emt 0:00:02]} Nxd7 {[%emt 0:00:02]} 21. Rxa4 {[%emt 0:00:01]} Rxa4 {[%emt 0:00:06]} 22. Rxa4 {[%emt 0:00:02]} Rb8 {[%emt 0:00:02]} 23. h3 {[%emt 0:00:02]} g6 {[%emt 0:00:02]} 24. Ra5 {[%emt 0:00:06]} Nf6 {[%emt 0:00:03]} 25. Be2 {[%emt 0:00:03]} Rb1+ {[%emt 0:00:06]} 26. Kh2 {[%emt 0:00:12]} Rb2 {[%emt 0:00:02]} 27. Bf3 {[%emt 0:00:01]} Rxf2 {[%emt 0:00:02]} 28. Bxd5 {[%emt 0:00:04]} Re2 {[%emt 0:00:04]} 29. e4 {[%emt 0:00:11]} Nxe4 {[%emt 0:00:08]} 30. Ra7 {[%emt 0:00:13]} Kg7 {[%emt 0:00:02]} 31. Rxf7+ {[%emt 0:00:05]} Kh6 {[%emt 0:00:04]} 32. Re7 {[%emt 0:00:04]} Nc3 {[%emt 0:00:04]} 33. Rd7 {[%emt 0:00:07]} Rd2 {[%emt 0:00:04]} 34. Bg8 {[%emt 0:00:02]} Ne2 {[%emt 0:00:10]} 35. h4 {[%emt 0:00:01]} Kh5 {[%emt 0:00:13]} 36. Rxh7+ {[%emt 0:00:03]} Kg4 {[%emt 0:00:02]} 37. Be6+ {[%emt 0:00:02]} Kf4 {[%emt 0:00:02]} 38. d5 {[%emt 0:00:03]} Ke5 {[%emt 0:00:05]} 39. Bh3 {[%emt 0:00:08]} Nf4 {[%emt 0:00:07]} 40. Re7+ {[%emt 0:00:05]} Kd6 {[%emt 0:00:05]} 41. Rg7 {[%emt 0:00:01] Time (Lag: Av=0.65s, max=1.2s)} 1-0

[Event "Stay Safe Play From Home 210"]
[Site "T#646654Emanuel Laske"]
[Date "2020.06.08"]
[Round "7"]
[White "Buzaglo"]
[Black "Fingerfehler1"]
[Result "0-1"]
[WhiteElo "1756"]
[BlackElo "1618"]
[Annotator "NA RC"]
[PlyCount "120"]
[EventDate "2020.06.08"]
[EventType "swiss (blitz)"]

1. d4 {[%emt 0:00:01]} d5 {[%emt 0:00:04]} 2. Nf3 {[%emt 0:00:01]} Nf6 {[%emt 0:00:04]} 3. g3 {[%emt 0:00:01]} e6 {[%emt 0:00:04]} 4. Bg2 {[%emt 0:00:00]} c5 {[%emt 0:00:03]} 5. O-O {[%emt 0:00:01]} Nc6 {[%emt 0:00:03]} 6. c3 {[%emt 0:00:03]} Qb6 {[%emt 0:00:05]} 7. dxc5 {[%emt 0:00:01]} Bxc5 {[%emt 0:00:02]} 8. b4 {[%emt 0:00:03]} Bd6 {[%emt 0:00:07]} 9. a4 {[%emt 0:00:04]} O-O {[%emt 0:00:07]} 10. a5 {[%emt 0:00:01]} Qd8 {[%emt 0:00:01]} 11. b5 {[%emt 0:00:02]} Nxa5 {[%emt 0:00:02]} 12. c4 {[%emt 0:00:02]} Nxc4 {[%emt 0:00:01]} 13. Nc3 {[%emt 0:00:04]} Rb8 {[%emt 0:00:05]} 14. Nd4 {[%emt 0:00:09]} Bc5 {[%emt 0:00:03]} 15. Qd3 {[%emt 0:00:09]} e5 {[%emt 0:00:05]} 16. Nb3 {[%emt 0:00:01]} Be6 {[%emt 0:00:07]} 17. Nxc5 {[%emt 0:00:02]} e4 {[%emt 0:00:10]} 18. Nd7 {[%emt 0:00:12]} exd3 {[%emt 0:00:09]} 19. Nxb8 {[%emt 0:00:03]} dxe2 {[%emt 0:00:06]} 20. Re1 {[%emt 0:00:01]} Qxb8 {[%emt 0:00:05]} 21. Rxe2 {[%emt 0:00:02]} b6 {[%emt 0:00:02]} 22. Bg5 {[%emt 0:00:05]} Ne4 {[%emt 0:00:02]} 23. Bf4 {[%emt 0:00:01]} Nxc3 {[%emt 0:00:02]} 24. Bxb8 {[%emt 0:00:02]} Nxe2+ {[%emt 0:00:02]} 25. Kf1 {[%emt 0:00:01]} Nxg3+ {[%emt 0:00:05]} 26. hxg3 {[%emt 0:00:03]} Rxb8 {[%emt 0:00:02]} 27. Rxa7 {[%emt 0:00:01]} Na5 {[%emt 0:00:01]} 28. Bf3 {[%emt 0:00:05]} Kf8 {[%emt 0:00:01]} 29. Ke2 {[%emt 0:00:02]} g6 {[%emt 0:00:01]} 30. Kd3 {[%emt 0:00:02]} h5 {[%emt 0:00:01]} 31. Kd4 {[%emt 0:00:01]} Ke8 {[%emt 0:00:04]} 32. Ke5 {[%emt 0:00:02]} Nc4+ {[%emt 0:00:02]} 33. Kf6 {[%emt 0:00:02]} Nd6 {[%emt 0:00:05]} 34. Re7+ {[%emt 0:00:01]} Kf8 {[%emt 0:00:01]} 35. Rc7 {[%emt 0:00:04]} Nxb5 {[%emt 0:00:02]} 36. Rc6 {[%emt 0:00:01]} Nd4 {[%emt 0:00:02]} 37. Rc3 {[%emt 0:00:07]} Nxf3 {[%emt 0:00:01]} 38. Rxf3 {[%emt 0:00:00]} b5 {[%emt 0:00:01]} 39. Rb3 {[%emt 0:00:08]} d4 {[%emt 0:00:01]} 40. Rb4 {[%emt 0:00:01]} Bc4 {[%emt 0:00:01]} 41. Ke5 {[%emt 0:00:04]} d3 {[%emt 0:00:01]} 42. Rb2 {[%emt 0:00:01]} b4 {[%emt 0:00:02]} 43. Kd4 {[%emt 0:00:01]} Ba6 {[%emt 0:00:02]} 44. Ke3 {[%emt 0:00:02]} b3 {[%emt 0:00:02]} 45. Kd2 {[%emt 0:00:01]} f5 {[%emt 0:00:02]} 46. f4 {[%emt 0:00:01]} Ke7 {[%emt 0:00:02]} 47. Rb1 {[%emt 0:00:04]} Kd6 {[%emt 0:00:02]} 48. Rb2 {[%emt 0:00:01]} Kd5 {[%emt 0:00:01]} 49. Kc3 {[%emt 0:00:00]} Bc4 {[%emt 0:00:02]} 50. Kd2 {[%emt 0:00:03]} Kd4 {[%emt 0:00:01]} 51. Rb1 {[%emt 0:00:03]} Re8 {[%emt 0:00:01]} 52. Ra1 {[%emt 0:00:06]} Re2+ {[%emt 0:00:02]} 53. Kd1 {[%emt 0:00:00]} b2 {[%emt 0:00:01]} 54. Rb1 {[%emt 0:00:02]} Ba2 {[%emt 0:00:02]} 55. Rxb2 {[%emt 0:00:02]} Rxb2 {[%emt 0:00:00]} 56. g4 {[%emt 0:00:00]} hxg4 {[%emt 0:00:03]} 57. Kc1 {[%emt 0:00:01]} Rc2+ {[%emt 0:00:02]} 58. Kd1 {[%emt 0:00:01]} g3 {[%emt 0:00:01]} 59. Ke1 {[%emt 0:00:01]} g2 {[%emt 0:00:01]} 60. Kd1 {[%emt 0:00:02]} g1=Q# {[%emt 0:00:01] (Lag: Av=0.45s, max=0.8s)} 0-1

[Event "Stay Safe Play From Home 210"]
[Site "T#646654Emanuel Laske"]
[Date "2020.06.08"]
[Round "7"]
[White "Edmatuag"]
[Black "DrKHF"]
[Result "0-1"]
[WhiteElo "1741"]
[BlackElo "1717"]
[Annotator "NA"]
[PlyCount "88"]
[EventDate "2020.06.08"]
[EventType "swiss (blitz)"]

1. e4 {[%emt 0:00:03]} d6 {[%emt 0:00:02]} 2. d4 {[%emt 0:00:04]} Nf6 {[%emt 0:00:04]} 3. Nc3 {[%emt 0:00:01]} g6 {[%emt 0:00:02]} 4. f3 {[%emt 0:00:01]} c6 {[%emt 0:00:01]} 5. Be3 {[%emt 0:00:01]} Nbd7 {[%emt 0:00:02]} 6. Nge2 {[%emt 0:00:01]} Qc7 {[%emt 0:00:01]} 7. Ng3 {[%emt 0:00:01]} b5 {[%emt 0:00:01]} 8. Bd3 {[%emt 0:00:04]} Bb7 {[%emt 0:00:04]} 9. O-O {[%emt 0:00:04]} a6 {[%emt 0:00:01]} 10. a3 {[%emt 0:00:02]} Bg7 {[%emt 0:00:03]} 11. Nce2 {[%emt 0:00:04]} e5 {[%emt 0:00:02]} 12. c3 {[%emt 0:00:03]} O-O {[%emt 0:00:01]} 13. h4 {[%emt 0:00:07]} c5 {[%emt 0:00:02]} 14. d5 {[%emt 0:00:03]} c4 {[%emt 0:00:04]} 15. Bc2 {[%emt 0:00:02]} Nc5 {[%emt 0:00:01]} 16. h5 {[%emt 0:00:05]} a5 {[%emt 0:00:04]} 17. Kf2 {[%emt 0:00:09]} Nfd7 {[%emt 0:00:10]} 18. Rh1 {[%emt 0:00:04]} Nd3+ {[%emt 0:00:20]} 19. Bxd3 {[%emt 0:00:06]} cxd3 {[%emt 0:00:01]} 20. Qxd3 {[%emt 0:00:01]} Nc5 {[%emt 0:00:01]} 21. Bxc5 {[%emt 0:00:06]} Qxc5+ {[%emt 0:00:02]} 22. Qe3 {[%emt 0:00:02]} Qc7 {[%emt 0:00:05]} 23. hxg6 {[%emt 0:00:03]} fxg6 {[%emt 0:00:02]} 24. Rh2 {[%emt 0:00:15]} h5 {[%emt 0:00:03]} 25. Qg5 {[%emt 0:00:04]} Rf6 {[%emt 0:00:02]} 26. f4 {[%emt 0:00:08]} exf4 {[%emt 0:00:03]} 27. Nxf4 {[%emt 0:00:02]} Raf8 {[%emt 0:00:01]} 28. Nge2 {[%emt 0:00:02]} Qc5+ {[%emt 0:00:02]} 29. Kf3 {[%emt 0:00:07]} Kh7 {[%emt 0:00:12]} 30. g3 {[%emt 0:00:01]} Bh6 {[%emt 0:00:02]} 31. Rxh5 {[%emt 0:00:07]} gxh5 {[%emt 0:00:02]} 32. Qxh5 {[%emt 0:00:01]} Bc8 {[%emt 0:00:15]} 33. Rh1 {[%emt 0:00:02]} Rg8 {[%emt 0:00:07]} 34. Nd4 {[%emt 0:00:07]} Bg4+ {[%emt 0:00:02]} 35. Qxg4 {[%emt 0:00:01]} Rxg4 {[%emt 0:00:01]} 36. Kxg4 {[%emt 0:00:00]} Kg8 {[%emt 0:00:04]} 37. Nf5 {[%emt 0:00:03]} Bxf4 {[%emt 0:00:02]} 38. gxf4 {[%emt 0:00:01]} Qf2 {[%emt 0:00:01]} 39. Rh3 {[%emt 0:00:04]} Qg2+ {[%emt 0:00:04]} 40. Rg3 {[%emt 0:00:01]} Qxe4 {[%emt 0:00:01]} 41. Kg5 {[%emt 0:00:07]} Qxf5+ {[%emt 0:00:03]} 42. Kh4+ {[%emt 0:00:02]} Kf8 {[%emt 0:00:02]} 43. Rg5 {[%emt 0:00:00]} Qxf4+ {[%emt 0:00:01]} 44. Rg4 {[%emt 0:00:00]} Rh6# {[%emt 0:00:01] (Lag: Av=0.40s, max=0.9s)} 0-1

[Event "Stay Safe Play From Home 210"]
[Site "T#646654Emanuel Laske"]
[Date "2020.06.08"]
[Round "7"]
[White "Lucknow"]
[Black "Timbre"]
[Result "1-0"]
[WhiteElo "1727"]
[BlackElo "1598"]
[Annotator "NA RC"]
[PlyCount "43"]
[EventDate "2020.06.08"]
[EventType "swiss (blitz)"]

1. d4 {[%emt 0:00:03]} d5 {[%emt 0:00:07]} 2. c4 {[%emt 0:00:01]} c6 {[%emt 0:00:01]} 3. Nf3 {[%emt 0:00:01]} Nf6 {[%emt 0:00:01]} 4. Nc3 {[%emt 0:00:00]} e6 {[%emt 0:00:02]} 5. e3 {[%emt 0:00:00]} Bd6 {[%emt 0:00:02]} 6. Bd3 {[%emt 0:00:01]} Qe7 {[%emt 0:00:01]} 7. O-O {[%emt 0:00:00]} Nbd7 {[%emt 0:00:01]} 8. e4 {[%emt 0:00:01]} dxe4 {[%emt 0:00:02]} 9. Nxe4 {[%emt 0:00:00]} Nxe4 {[%emt 0:00:01]} 10. Bxe4 {[%emt 0:00:00]} Nf6 {[%emt 0:00:01]} 11. Bc2 {[%emt 0:00:01]} O-O {[%emt 0:00:01]} 12. Qe2 {[%emt 0:00:01]} Bd7 {[%emt 0:00:04]} 13. Bg5 {[%emt 0:00:01]} h6 {[%emt 0:00:02]} 14. Bh4 {[%emt 0:00:01]} Rae8 {[%emt 0:00:04]} 15. Rfe1 {[%emt 0:00:02]} Qd8 {[%emt 0:00:01]} 16. Rad1 {[%emt 0:00:03]} Be7 {[%emt 0:00:02]} 17. Ne5 {[%emt 0:00:02]} a6 {[%emt 0:00:05]} 18. Qd3 {[%emt 0:00:02]} g6 {[%emt 0:00:09]} 19. Nxg6 {[%emt 0:00:08]} fxg6 {[%emt 0:00:02]} 20. Qxg6+ {[%emt 0:00:01]} Kh8 {[%emt 0:00:02]} 21. Bxf6+ {[%emt 0:00:07]} Bxf6 {[%emt 0:00:02]} 22. Qh7# {[%emt 0:00:01] (Lag: Av=0.46s, max=0.8s)} 1-0